000 01493nam a2200469 i 4500
001 45583
003 KOSZ 005
005 20200429134122.0
008 040616s2004 pl a f f |000 0 pol
015 _aUWD 2004/11677
020 _a8372522081
035 _a991023947249705066
035 _a(PL-WaBN)b16542435-48omnis_nlop
035 _ab16542435
035 _a(OCoLC)749638550
035 _a(PL)b0000001654243
035 _a(EXLNZ-48OMNIS_NETWORK)9910132829205606
040 _aWA N
_cWA N
_dKOSZ 005/HR
041 0 _apol
080 _a339.138
080 _a(075.8)
100 1 _aSagan, Adam
_eAutor
245 1 0 _aBadania marketingowe :
_bpodstawowe kierunki /
_cAdam Sagan.
250 _aWyd. 2 popr. i uzup.
260 _aKraków :
_bWydawnictwo Akademii Ekonomicznej,
_c2004.
300 _a237 s. :
_btab., wykr. ;
_c24 cm.
336 _2rdacontent
_aTekst
_btxt
337 _2rdamedia
_aBez urządzenia pośredniczącego
_bn
338 _2rdacarrier
_aWolumin
_bnc
380 _aKsiążki
380 _aPublikacje dydaktyczne
385 _mPoziom nauczania
_aSzkoły wyższe
388 _a2001
504 _aBibliogr. s. 234-237.
650 7 _aMarketing
_2DBN
650 7 _aBadania marketingowe
655 7 _aPodręczniki akademickie
_2DBN
658 _aZarządzanie i marketing
856 _uhttp://koha.tu.koszalin.pl/cgi-bin/koha/opac-detail.pl?biblionumber=45583
_yKatalog online BPK
942 _2UKD
_cKS
999 _c45583
_d45583